00693nam a2200217Ia 450000500170000000800410001702000150005804000180007304100080009108200200009910000190011924500690013825000120020726000430021930000330026265000170029565000440031265000350035665000290039165000550042020220826142113.0210716s2002 xx 000 0 und d a8176566756 cAIMIT LIBRARY aeng a006.3721bBAYI aBayross, Ivan. aAdvanced visual basic 6: projects :bProjects /cBy Ivan Bayross a1st ed. aNew Delhi :bBPB Publications ,c2002. aiii,407,24 p ;bPB :c24 cm. aVisual Basic aConnectivity in VR 6 Using OBDC and ADO aAn applications Tool bar Logic aCreating Reports in VB 6 aBasic of Project Management and Quality Assurance